[Event "BCF-chT2 1617 (4NCL) Promotion pool"]
[Site "England"]
[Date "2017.05.01"]
[Round "11.41"]
[White "Ortega, Irvin"]
[Black "Swindells, Jonathan"]
[Result "1/2-1/2"]
[WhiteElo "2320"]
[BlackElo "2312"]
[PlyCount "53"]
[EventDate "2016.11.19"]
[EventType "team-tourn"]
[EventRounds "11"]
[EventCountry "ENG"]
[SourceTitle "EXT 2019"]
[Source "ChessBase"]
[SourceDate "2018.10.10"]
[SourceVersion "1"]
[SourceVersionDate "2018.10.10"]
[SourceQuality "1"]
[WhiteTeam "Warwicks Select"]
[BlackTeam "The ADS"]
[WhiteTeamCountry "ENG"]
[BlackTeamCountry "ENG"]

1. d4 Nf6 2. c4 g6 3. Nc3 Bg7 4. e4 d6 5. Be2 0-0 6. g4 e5 7. d5 a5 8. Be3 Na6 9. g5 Nd7 10. h4 f5 11. gxf6 Nxf6 12. h5 gxh5 13. Bxh5 Nc5 14. Bf3 Bd7 15. Qe2 c6 16. Nh3 cxd5 17. cxd5 Qc8 18. Ng5 h6 19. Ne6 Bxe6 20. dxe6 Nxe6 21. 0-0-0 Nd4 22. Rxd4 exd4 23. Bxd4 Qe6 24. Rg1 Kh8 25. Qe3 Ne8 26. Rh1 Kh7 27. e5 1/2-1/2

[Event "BCF-chT4 0607 (4NCL)"]
[Site "Sunningdale"]
[Date "2007.03.25"]
[Round "8.151"]
[White "Moore, Andrew"]
[Black "Ortega, Irvin"]
[Result "1/2-1/2"]
[WhiteElo "1885"]
[BlackElo "2180"]
[PlyCount "53"]
[EventDate "2006.09.16"]
[EventType "team"]
[EventRounds "11"]
[EventCountry "ENG"]
[SourceTitle "EXT 2008"]
[Source "ChessBase"]
[SourceDate "2007.11.25"]
[SourceVersion "1"]
[SourceVersionDate "2007.11.25"]
[SourceQuality "1"]
[WhiteTeam "AMCA Hippos"]
[BlackTeam "Sutton Coldfield"]
[WhiteTeamCountry "ENG"]
[BlackTeamCountry "ENG"]

1. d4 g6 2. c4 Bg7 3. Nc3 d6 4. Nf3 Nc6 5. Bf4 Bg4 6. e3 e5 7. dxe5 dxe5 8. Bg3 Nge7 9. Be2 Nf5 10. Qb3 Nxg3 11. hxg3 0-0 12. Rd1 Qc8 13. Nd5 Re8 14. Rh4 h5 15. Ng5 e4 16. Bxg4 hxg4 17. Ke2 Qf5 18. Qxb7 Rab8 19. Qxc6 Rxb2+ 20. Rd2 Rxd2+ 21. Kxd2 Qxf2+ 22. Kd1 Qf1+ 23. Kd2 Qf2+ 24. Kd1 Qf1+ 25. Kd2 Qxg2+ 26. Kd1 Qf1+ 27. Kd2 1/2-1/2